[Event "EU-ch Cities&Town op"]
[Site "Tornelo INT"]
[Date "2023.01.29"]
[Round "?"]
[White "Kelmendi, Bajrush"]
[Black "Mihasi, Erald"]
[Result "1/2-1/2"]
[WhiteElo "1942"]
[BlackElo "1909"]
[PlyCount "96"]
[EventDate "2023.01.29"]
[EventType "team-swiss"]
[EventRounds "9"]
[EventCountry "NET"]
[SourceTitle "CBM 212 Extra"]
[Source "ChessBase"]
[SourceDate "2023.03.31"]
[SourceVersion "1"]
[SourceVersionDate "2023.03.31"]
[SourceQuality "1"]
[WhiteTeam "West London Hammersmith"]
[BlackTeam "Butrinti"]
[WhiteTeamCountry "ENG"]
[BlackTeamCountry "ALB"]

1. e4 c6 2. c4 d5 3. exd5 cxd5 4. cxd5 Qxd5 5. Nc3 Qd8 6. d4 Nf6 7. Bc4 e6 8. Nf3 Nc6 9. 0-0 Be7 10. d5 exd5 11. Nxd5 0-0 12. Nxe7+ Nxe7 13. Bg5 Ng6 14. Qxd8 Rxd8 15. Bxf6 gxf6 16. Rfd1 Bg4 17. Be2 b6 18. h3 Bxf3 19. Bxf3 Rac8 20. Rxd8+ Rxd8 21. Rd1 Rxd1+ 22. Bxd1 Ne5 23. Be2 Kf8 24. f4 Nc6 25. Bd3 h6 26. a3 Ke7 27. Kf2 Kd6 28. Kg3 Kc5 29. Kg4 Kd4 30. Bc2 Ke3 31. Bb3 f5+ 32. Kg3 Nd4 33. Bxf7 Ne2+ 34. Kh4 Nxf4 35. g3 Nd3 36. b4 Ne5 37. Bd5 Kd4 38. Be6 Ke4 39. Kh5 Kf3 40. Bxf5 Kxg3 41. Kxh6 Nc4 42. a4 Kh4 43. Kg6 a5 44. bxa5 bxa5 45. Kf6 Nb6 46. Bc2 Nxa4 47. Bxa4 Kxh3 48. Ke5 Kg3 1/2-1/2

[Event "EU-Cup 29th"]
[Site "Rhodes"]
[Date "2013.10.25"]
[Round "6.4"]
[White "Kniest, Oliver"]
[Black "Mihasi, Erald"]
[Result "1-0"]
[WhiteElo "2305"]
[BlackElo "1862"]
[PlyCount "61"]
[EventDate "2013.10.20"]
[EventType "team-swiss"]
[EventRounds "7"]
[EventCountry "GRE"]
[SourceTitle "CBM 157"]
[Source "ChessBase"]
[SourceDate "2013.11.12"]
[SourceVersion "1"]
[SourceVersionDate "2013.11.12"]
[SourceQuality "1"]
[WhiteTeam "Solingen"]
[BlackTeam "Butrinti"]
[WhiteTeamCountry "GER"]
[BlackTeamCountry "ALB"]

1. d4 Nf6 2. c4 e5 3. dxe5 Ne4 4. a3 a5 5. Nd2 Nxd2 6. Bxd2 Bc5 7. Nf3 0-0 8. e3 Nc6 9. Be2 d6 10. Bc3 Bg4 11. exd6 Bxd6 12. h3 Bh5 13. Nd4 Bxe2 14. Qxe2 Nxd4 15. Bxd4 Re8 16. Qg4 Be5 17. Bxe5 Rxe5 18. Rd1 Qf6 19. 0-0 h6 20. Qd4 Rae8 21. Qc3 Qg6 22. Rd5 Rg5 23. Rxg5 hxg5 24. Qxa5 g4 25. hxg4 Qxg4 26. Qxc7 Re6 27. Qf4 Qh5 28. Qb8+ Kh7 29. Qh2 Qxh2+ 30. Kxh2 Kg6 31. Rd1 1-0

[Event "EU-Cup 29th"]
[Site "Rhodes"]
[Date "2013.10.21"]
[Round "2.4"]
[White "Mihasi, Erald"]
[Black "Kosmo, Santul"]
[Result "0-1"]
[WhiteElo "1862"]
[BlackElo "2237"]
[PlyCount "52"]
[EventDate "2013.10.20"]
[EventType "team-swiss"]
[EventRounds "7"]
[EventCountry "GRE"]
[SourceTitle "CBM 157"]
[Source "ChessBase"]
[SourceDate "2013.11.12"]
[SourceVersion "1"]
[SourceVersionDate "2013.11.12"]
[SourceQuality "1"]
[WhiteTeam "Butrinti"]
[BlackTeam "Porvoo Velhot"]
[WhiteTeamCountry "ALB"]
[BlackTeamCountry "FIN"]

1. d4 Nf6 2. Bf4 g6 3. e3 Bg7 4. Nf3 d6 5. Bc4 Nh5 6. Bg5 h6 7. Bh4 g5 8. Bg3 Nxg3 9. hxg3 c5 10. c3 Nd7 11. Nxg5 d5 12. Bxd5 e6 13. Nxe6 fxe6 14. Bxe6 Nf6 15. Bb3 Qe7 16. Nd2 Bg4 17. Nf3 0-0-0 18. Qd3 Ne4 19. Nd2 Nxg3 20. fxg3 cxd4 21. Bd1 Bxd1 22. Rxd1 dxc3 23. Qc4+ Kb8 24. Ne4 Rxd1+ 25. Kxd1 cxb2 26. Nd2 Rc8 0-1

[Event "EU-Cup 27th"]
[Site "Rogaska Slatina"]
[Date "2011.09.26"]
[Round "2"]
[White "Mihasi, Erald"]
[Black "Bosman, Michiel"]
[Result "0-1"]
[WhiteElo "1805"]
[BlackElo "2342"]
[PlyCount "91"]
[EventDate "2011.09.25"]
[EventType "team-swiss"]
[EventRounds "7"]
[EventCountry "SLO"]
[SourceTitle "CBM 145"]
[Source "ChessBase"]
[SourceDate "2011.11.11"]
[SourceVersion "1"]
[SourceVersionDate "2011.11.11"]
[SourceQuality "1"]
[WhiteTeam "Butrinti"]
[BlackTeam "Leiden LSG"]
[WhiteTeamCountry "ALB"]
[BlackTeamCountry "NED"]

1. Nf3 d6 2. d4 Nf6 3. Bg5 Nbd7 4. e3 h6 5. Bh4 g5 6. Bg3 Ne4 7. Bd3 Nxg3 8. hxg3 Bg7 9. c3 e6 10. Nbd2 Qe7 11. Qc2 b6 12. Be4 Rb8 13. Qa4 a6 14. Rd1 b5 15. Qc2 d5 16. Bd3 c5 17. dxc5 Nxc5 18. Nb3 Nxd3+ 19. Qxd3 Qc7 20. Nfd4 Bd7 21. e4 dxe4 22. Qxe4 0-0 23. 0-0 Rfe8 24. Rd2 f5 25. Qe3 e5 26. Nf3 Bc8 27. Rfd1 e4 28. Ne1 Re6 29. Qc5 Rc6 30. Qe3 Re6 31. Qc5 Qxc5 32. Nxc5 Rc6 33. Nb3 f4 34. gxf4 gxf4 35. Rd6 Rc7 36. Rd8+ Bf8 37. Rxf8+ Kxf8 38. Nc2 Kf7 39. Rd6 Kf8 40. Nd2 Re7 41. Nb4 Bb7 42. Nd5 Bxd5 43. Rxd5 e3 44. fxe3 fxe3 45. Nf3 e2 46. Kf2 0-1